000 01089nam a2200253 a 4500
001 38988
003 BD-RjUL
005 20230307113112.0
008 160425s2014 bg a|||e |||| 00| 0 ben d
020 _a9789840416479 :
_cTk. 300.00
035 _a(BD-RjUL) 39098
040 _aBD-RjUL
_bben
_cBD-RjUL
041 _aben
041 _aben
082 _223
_a398.0825492
_bCHP 2014
100 _aচক্রবর্তী, সুস্মিতা
_9120360
245 1 0 _aফোকলর ও জেন্ডার :
_bলোকঐতিহ্যের পিতৃতন্ত্র ও নারীর স্বতন্ত্র স্বর /
_cসুস্মিতা চক্রবর্তী
260 _aঢাকা :
_bআগামী প্রকাশনী ;
_c২০১৪
300 _a১৫১ পৃ. :
_bচিত্র ;
_c২৩ সেমি.
504 _aগ্রন্থপঞ্জী সংযুক্ত
650 _aফোকলোর
_xনারী
_99
_zবাংলাদেশ
650 _aFolklore
_xwomen
_9120362
_zBangladesh
942 _2ddc
_cBK
999 _c38988
_d38988